| 000 | 00447nam a2200133 i 4500 | ||
|---|---|---|---|
| 001 | 43772 | ||
| 003 | ES-MaACL | ||
| 007 | t| | ||
| 008 | 030318s1853 sp ||||1| spa d | ||
| 245 | 0 | 0 |
_aCausa célebre _b: acusación, defensas y sentencia en la causa formada con ocasión del asesinato cometido en la persona de Dª Carlota Pereira. |
| 260 |
_aMadrid : _bD. A. Santa Coloma, _c1853. |
||
| 300 |
_a188 p. ; _c24 cm. |
||
| 852 |
_aES-MaACL _jG-15211 |
||
| 999 |
_c43772 _d43772 |
||